000 00664nam a22002051a 4500
005 20110718133204.0
008 091005s1992 001 0 eng d
020 _a9966480528 :
_c0.00
040 _aNEGST Library - Kenya
050 4 _aBS 325.L83 1992
082 0 _aBS 325.L83 1992
100 1 _aBible Society of Kenya.
245 1 0 _aEndakaano Empia.
260 _aNairobi :
_bBible Society of Kenya,
_c1992.
300 _a526 p. : ill., m.
500 _a"The New Testament in Lubukusa." - T.p. verso. [Africana]
600 1 0 _aBible. N.T. Lubukusu. 1992.
600 1 0 _aLubukusu language - Texts.
852 _94.00
999 _c40171
_d40171